000 00380 a2200169 4500
001 73894
020 _a8508048351
040 _cAnchieta - Colégio São Paulo
100 _aSerge, Cosseron
240 1 0 _aA Alemanha
_lpor
245 1 0 _aA Alemanha
300 _a64
362 0 _a2008
440 1 _aÁtica
650 4 _aHistória geral da Europa - Europa Ocidetal
942 _cBK
999 _c73894
_d73894